000
00299nam a22001217a 4500
003
OSt
008
250128b |||||||| |||| 00| 0 eng d
041
_a
eng
100
_a
Byron, S
_9
7028
245
_a
Text Book of Programming with Basic
260
_a
New DElhi:
_b
Mc Graw Hill Company Ltd
942
_c
BK
999
_c
19171
_d
19171